Teorija poznanija /

Saved in:
Bibliographic Details
Main Author: Petrov, Ju.A (Author)
Format: Book
Published: Moskva : Mysľ, 1988
Tags: Add Tag
No Tags, Be the first to tag this record!

MARC

LEADER 00000nam a22000003a 4500
001 stu48115
005 20150617225702.1
008 ------s1988----xxr---------------------d
040 |a STU  |b slo 
041 0
044 |a xxr 
080 |a 16 
100 1 |a Petrov, Ju.A  |4 aut 
245 1 |a Teorija poznanija /  |c [aut.] Petrov,Ju.A 
260 |a Moskva :  |b Mysľ,  |c 1988 
300 |a 141 s 
996 |b J82150  |c J*82150/K 16  |l JJK16  |s P  |a 0  |w stu48115_0001